000 01334nam a2200217Ia 4500
999 _c36866
_d36866
001 2815
003 GE_BSU
005 20190507144332.0
008 181216s2001||||ge |||||||||||||| ||geo||
040 _cGE_BSU
041 _ageo
080 _a338(479.223) ს–32
245 _aსაქართველოს რეგიონების ეკონომიკური და სოციალური განვითარების მიმართულებები გარდამავალ პერიოდში(პოლიტიკა, პრაქტიკა, პრობლემები) /
_cსარდ. კოლეგ : ნ. ჭითანავა ; თ. ბაკურიძე და სხვ...
264 _aბათუმი–თბილისი . :
_bაჭარა,
_c2001.
300 _a35 გვ ;
_c20 სმ.
653 _aაქართველოს რეგიონების ეკონომიკური და სოციალური განვითარება
653 _aეკონომიკა
700 _aჭითანავა, ნ.
_eსარედაქციო კოლეგია
_9883
700 _a ბაკურიძე, თ
_eსარედაქციო კოლეგია
_9884
942 _cBK
_2udc